| 000 | 00640nam a2200193Ii 4500 | ||
|---|---|---|---|
| 003 | JO-AjNU | ||
| 008 | 230605s9999||||xx |||||||||||||| ||und|| | ||
| 040 |
_aJO-AjNU _bara _erda _cJO-AjNU |
||
| 041 | _aara | ||
| 050 | 1 | 4 | _aHJ2043.A5 1978 |
| 100 | 3 |
_a عياد، علي عباس , _eauthor _918776 |
|
| 245 | 0 | 0 | _aالنظم الضريبية المقارنة |
| 264 | 3 | 1 | _aالاسكندرية: مؤسسة شباب الجامعة، 1978 |
| 300 | _a237ص | ||
| 336 |
_atext _btxt _2rdacontent |
||
| 337 |
_aunmediated _bn _2rdamedia |
||
| 338 |
_avolume _bnc _2rdacarrier |
||
| 650 | 4 |
_aالضرائب - جوانب اقتصادية _918777 |
|
| 999 |
_aA6069 _c9637 _d9637 |
||